000 00507nam a2200205Ia 4500
005 20240823054729.0
008 240823s9999||||xx |||||||||||||| ||und||
020 _a81-7829-104-5
041 _aENGLISH
082 _A658.802 P2
100 _aJagdish N Sheth
245 0 _aHandbook of Relationship Marketing
250 _a1st
260 _c2002
_b"Response Books,New "
500 _aYES
650 _aManagement
_bManagement Studies
700 _a Athul Parvatiyar
942 _cBK
999 _c227144
_d227144